000 00577nam a2200193 4500
999 _c171854
_d171854
005 20200122123213.0
010 _aENG-127512
020 _c175.00
_a9788187649120
035 _aEN-111044
037 _bDBAD/PUB
082 _a881
245 _aThe Best of Raja Rao/
_cedited by Makarand Paranjape
260 _aNew Delhi
_bKatha Urdu Library
_c1998
270 _aA-3 Sarvodaya Enclave Sri Aurobindo Marg
_bNew Delhi
_e110017
300 _a194p.
_c21cm(pbk)
500 _aincludes bibliographical references
700 _a Paranjape,Makarand
942 _2ddc
_cEN
_hS
_mBES